Pays avec le plus haut taux d'emprisonnement - Statistiques

Statistiques générales
  • Ce quiz a été pris 116 fois
  • Le résultat moyen est 6 sur 20
Statistiques - réponses
Nombre de prisonniers
pour 100 000 habitants
Pays % Correct
655 États-Unis
91%
385 Russie
89%
337 Brésil
80%
627 Salvador
54%
510 Cuba
44%
395 Panama
34%
343 Biélorussie
33%
529 Thaïlande
28%
374 Costa Rica
27%
356 Belize
23%
438 Bahamas
15%
435 Grenade
15%
321 Antigua-et-Barbuda
14%
393 Saint-Christophe-et-Niévès
14%
426 Saint-Vincent-et-les-Grenadines
14%
552 Turkménistan
7%
395 Palaos
5%
464 Rwanda
5%
499 Maldives
2%
437 Seychelles
1%
Aucun quiz correspondant
Distribution des résultats
% des personnes avec chaque résultat
Percentile par nombre de réponses
Votre historique - résultats
Vous n’avez pas pris ce quiz